| 000 | 00472nam a2200157 a 4500 | ||
|---|---|---|---|
| 008 | 960514s1976||||[C 0 slo c | ||
| 040 |
_aSNK _bslo _cSNK _eAACR2 |
||
| 041 | 1 | _aslo | |
| 044 |
_axo _cSK |
||
| 080 | _a794.1(02.056.262) | ||
| 100 | 1 |
_aGrišin, V. G. _4aut |
|
| 245 | 1 | 0 |
_aPrvé kroky po šachovnici _hSlepecká tlač _cV. G. Grišin |
| 260 |
_aBratislava _c1976 _eLevoča _fTlačiareň a knižnica pre nevidiacich _bMladé letá |
||
| 020 | _c15,50 | ||
| 958 | _aKST | ||
| 999 |
_c18612 _d18612 |
||